| 000 | 00692nam a2200217Ia 4500 | ||
|---|---|---|---|
| 003 | GCL | ||
| 008 | 140319s9999 xx 000 0 ara d | ||
| 040 |
_aGCL / _cGCL |
||
| 082 | 0 | 4 |
_a889 _bس م |
| 100 | 1 | _aنعيم عطية | |
| 245 | 1 | 0 |
_aمطلوب أمل / _cنعيم عطية |
| 700 | 1 | _aساماراكى، اندونى | |
| 260 |
_a[S.N] : _bالهيئة المصرية العامة للكتاب ، _c1992 |
||
| 300 | _a166 ص | ||
| 490 |
_aالرواية العربية _v0 |
||
| 650 | 0 | 4 | _aالقصص القصيرة |
| 650 | 0 | 4 | _aالادب اليونانى |
| 650 | 0 | 4 | _aالقصص اليونانية |
| 650 | 0 | 4 | _aالادب اليونانى الحديث |
| 942 |
_2ddc _cBK |
||
| 999 |
_c29574 _d29574 |
||